International financial reporting standards in depth (Record no. 104307)
[ view plain ]
| 000 -LEADER | |
|---|---|
| fixed length control field | 00923cam a2200217 4500 |
| 001 - CONTROL NUMBER | |
| control field | L129916 |
| 008 - FIXED-LENGTH DATA ELEMENTS--GENERAL INFORMATION | |
| fixed length control field | 050603n2005 000 0 eng u |
| 020 ## - INTERNATIONAL STANDARD BOOK NUMBER | |
| International Standard Book Number | 0750664738 |
| 035 ## - SYSTEM CONTROL NUMBER | |
| System control number | (Sirsi) u129916 |
| 041 ## - LANGUAGE CODE | |
| Language code of text/sound track or separate title | eng |
| 050 ## - LIBRARY OF CONGRESS CALL NUMBER | |
| Classification number | 657.3 |
| -- | 18 |
| 100 ## - MAIN ENTRY--PERSONAL NAME | |
| Personal name | Kirk, Robert |
| 245 ## - TITLE STATEMENT | |
| Title | International financial reporting standards in depth |
| 260 ## - PUBLICATION, DISTRIBUTION, ETC. | |
| Place of publication, distribution, etc. | Oxford |
| Name of publisher, distributor, etc. | Elsevier Ltd |
| Date of publication, distribution, etc. | 2005 |
| 300 ## - PHYSICAL DESCRIPTION | |
| Extent | 2v. (xiv, 384; 159p.) |
| Dimensions | 24cm. |
| 350 ## - PRICE (NR) (BK AM CF MU VM SE) [OBSOLETE] | |
| Price | 35.00 |
| 520 ## - SUMMARY, ETC. | |
| Summary, etc. | A two volume set. Volume one contains: summary of relevant international accounting standards; proposed changes contained within exposure drafts; and questions illustrating how the international standards are used in practice and accountancy exams. Volume two contains the solutions to the questions posed in volume one. |
| 590 ## - LOCAL NOTE (RLIN) | |
| Local note | IKA160805 |
| 690 ## - LOCAL SUBJECT ADDED ENTRY--TOPICAL TERM (OCLC, RLIN) | |
| Topical term or geographic name as entry element | MANAGEMENT-BUSINESS MANAGEMENT-FINANCIAL MANAGEMENT-ACCOUNTING-FINANCIAL REPORTING |
| 942 ## - ADDED ENTRY ELEMENTS (KOHA) | |
| Suppress in OPAC | 0 |
| Withdrawn status | Lost status | Source of classification or shelving scheme | Damaged status | Not for loan | Home library | Current library | Shelving location | Date acquired | Cost, normal purchase price | Total Checkouts | Full call number | Barcode | Date last seen | Date last checked out | Copy number | Cost, replacement price | Price effective from | Koha item type |
|---|---|---|---|---|---|---|---|---|---|---|---|---|---|---|---|---|---|---|
| Dewey Decimal Classification | London | London | Basement | 02/08/2005 | 29.75 | 5 | RESERVE 61 | 30071288 | 06/08/2019 | 15/01/2013 | 1 | 29.75 | 06/08/2019 | Book |